000
00315nam a2200133Ia 4500
100
_a
Black/Pery/O
942
_c
BK
654
_a
machine shop
245
_a
Audels Machinists Library Basic Machine Shop practice
260
_b
Taraporevala Sons & Co
_c
2001
082
_a
621.9
300
_a
408
546
_a
ENGLISH
999
_c
27386
_d
27386